000 00771nam a22002177a 4500
999 _c5439
_d5439
003 AR-CdUCM
008 190312b ||||| |||| 00| 0 spa d
040 _aMUNICIPALIDAD PROVINCIAL DEL CUSCO
_cBIBLIOTECA MUNICIPAL DEL CUSCO
082 _a869.56 /
_bI99
100 _aIzquierdo Ríos, Francisco
_91079
245 _aLos cuentos de Adán Torres /
260 _aLima :
_bTalleres Gráficos P.L. Villanueva,
_c1965.
300 _a134 paginas ;
_c21 cm.
500 _aDonación de la familia Nieto.
505 _aContenido :El gorrión -- Lampara de aceite -- Los Garay -- Cuento de navidad -- La maestra de la selva ...
650 _aCuentos peruanos
_97
650 _aLiteratura peruana
_9169
650 _aHistorietas
_910786
942 _2ddc
_cLIBROS
945 _arum